000 00927nas a2200313 4500
001 BR2017003059
003 BR-BrBNA
005 20231205131136.0
007 ta
008 230509b bl.|||p| |||| 00| 00por d
040 _aBR-BrBNA
_bpor
_cBiblioteca Nacional de Agricultura
041 _a(En)
072 _aQ53
100 1 _aVaccari, I.C.M.
100 1 _aDuarte, V.
100 1 _aRodrigues, D.R.
100 1 _aSantos, F.R. dos
100 1 _aMinafra, C.S.
245 1 _aAssociation of the severity of tongue lesions in broiler chickens with the quality of corn feed
650 _aFRANGO DE CORTE
650 _aRAÇÃO
650 _aMICOTOXINA
650 _aLESÃO
650 _aLÍNGUA
650 _aAVICULTURA
773 0 _tPesquisa Agropecuária Brasileira (Brazil)
_xISSN 0100-204X
_g(Oct 2017), v. 52(10) p. 942-945
_wBR2017003059
909 _a202311
_bLúcia
_c55
_dLúcia Elande
942 _2AGRIS
_n0
_cANA
999 _c253232
_d253232